| 000 | 00549cam a2200181 4500 | ||
|---|---|---|---|
| 020 | _a0442068646 | ||
| 082 | 0 | 0 |
_a669.6 _bREE |
| 100 | 2 |
_aReed-Hill, Robert E. _945196 |
|
| 245 | 1 | 0 |
_aPhysical metallurgy principles _c[by] Robert E. Reed-Hill. |
| 250 | _a2d ed. | ||
| 260 |
_aNew York, _bVan Nostrand _c[1972, c1973] |
||
| 300 |
_axiii, 920 p. _billus. _c24 cm. |
||
| 490 | 0 | _aUniversity series in basic engineering | |
| 526 |
_a0 _b0 _c0 _d669_600000000000000_REE |
||
| 650 | 0 |
_aMCE _9379 |
|
| 650 | 0 |
_aPhysical metallurgy. _944928 |
|
| 942 |
_2ddc _cBK |
||
| 999 |
_c548770 _d548770 |
||